00395nam a2200121Ia 4500008004100000245013400041260001700175260000900192300000800201650002300209650001200232856002900244170516s9999 xx 000 0 und d aSynthesis and Preclinical Evaluation of Sulfonamido-based [11C-Carbonyl]-Carbamates and Ureas for Imaging Monoacylglycerol Lipase bTheranostics c2016 a6:8 xMedical Technology xMedtech uhttp://www.thno.org/v6i8